[Event "Bialystok Zamenhof Memorial 43rd"]
[Site "Bialystok"]
[Date "2024.12.31"]
[Round "9"]
[White "Pietruszewski, Marcin"]
[Black "Kulig, Pawel"]
[Result "1/2-1/2"]
[WhiteElo "2187"]
[BlackElo "2033"]
[PlyCount "40"]
[EventDate "2024.12.27"]
[EventType "swiss"]
[EventRounds "9"]
[EventCountry "POL"]
[SourceTitle "CB02_2025"]
[SourceDate "2025.01.08"]
[SourceVersion "1"]
[SourceVersionDate "2025.01.08"]
[SourceQuality "1"]

1. d4 Nf6 2. c4 g6 3. Nf3 Bg7 4. g3 c6 5. Bg2 d5 6. 0-0 0-0 7. Nbd2 a5 8. b3 a4 9. Ba3 Bf5 10. e3 Ne4 11. Nxe4 Bxe4 12. Qe2 Nd7 13. cxd5 cxd5 14. Qb5 Re8 15. Bh3 Bxf3 16. Qxd7 e6 17. Qxb7 axb3 18. axb3 Rb8 19. Qc6 Rxb3 20. Qa4 Rb8 1/2-1/2

[Event "Bialystok Zamenhof Memorial 43rd"]
[Site "Bialystok"]
[Date "2024.12.30"]
[Round "7"]
[White "Pietruszewski, Marcin"]
[Black "Trybus, Daniel"]
[Result "1-0"]
[WhiteElo "2187"]
[BlackElo "2035"]
[PlyCount "179"]
[EventDate "2024.12.27"]
[EventType "swiss"]
[EventRounds "9"]
[EventCountry "POL"]
[SourceTitle "CB02_2025"]
[SourceDate "2025.01.08"]
[SourceVersion "1"]
[SourceVersionDate "2025.01.08"]
[SourceQuality "1"]

1. d4 Nf6 2. c4 e6 3. Nf3 Bb4+ 4. Nbd2 d5 5. Qa4+ Nc6 6. a3 Bxd2+ 7. Bxd2 0-0 8. Bf4 dxc4 9. Qxc4 Nd5 10. Bg3 Qf6 11. e3 Bd7 12. Be2 b5 13. Qc2 Rfc8 14. 0-0 Nce7 15. Bd3 Qh6 16. Qe2 a6 17. Ne5 Nf6 18. Rac1 Be8 19. Rc5 Ned5 20. Rfc1 Ra7 21. h3 Nd7 22. Rxd5 exd5 23. Nc6 Raa8 24. Ne7+ Kh8 25. Nxc8 Rxc8 26. Rxc7 Rxc7 27. Bxc7 Nb6 28. Qc2 Nc4 29. b3 Qc6 30. Bg3 Na5 31. Qxc6 Bxc6 32. Bc2 Kg8 33. f3 Bd7 34. Kf2 Be6 35. Bd6 g6 36. g4 f6 37. Ke2 Kf7 38. Kd2 Nc6 39. Kc3 Ke8 40. Bd3 Kd7 41. Bg3 Bg8 42. h4 Bf7 43. Bf4 Ke6 44. Bc7 Be8 45. a4 b4+ 46. Kd2 a5 47. Bb5 g5 48. hxg5 fxg5 49. Kd3 Bg6+ 50. e4 Na7 51. Ba6 Nc6 52. Bc8+ Ke7 53. Ke3 Bf7 54. e5 Be6 55. Bd6+ Kf7 56. Bb7 Bd7 57. Bc7 Ke6 58. Bb6 Ke7 59. Bc5+ Ke6 60. Bb6 Ke7 61. Kf2 Ke6 62. Kg3 Ke7 63. Kg2 Ke6 64. Kf1 Ke7 65. Ke1 Ke6 66. Kd2 Ke7 67. Kd3 Ke6 68. Bc7 Be8 69. Ke3 Bd7 70. Bb6 Ke7 71. Ba6 Be8 72. Bb5 Ke6 73. Bc7 Ke7 74. Bxc6 Bxc6 75. Bxa5 Bb7 76. Bxb4+ Kf7 77. Bd6 Ba6 78. b4 Bf1 79. b5 Bc4 80. Kd2 Ke6 81. Bf8 Kf7 82. Bh6 Kg6 83. e6 Kf6 84. Bxg5+ Kxe6 85. Bf4 Kd7 86. Be5 Bf1 87. Ke3 Ke6 88. Kf4 Be2 89. Kg5 Bxf3 90. b6 1-0

[Event "Bialystok Zamenhof Memorial 43rd"]
[Site "Bialystok"]
[Date "2024.12.27"]
[Round "1"]
[White "Pietruszewski, Marcin"]
[Black "Obrycki, Tomasz"]
[Result "1-0"]
[WhiteElo "2187"]
[BlackElo "1984"]
[PlyCount "141"]
[EventDate "2024.12.27"]
[EventType "swiss"]
[EventRounds "9"]
[EventCountry "POL"]
[SourceTitle "CB02_2025"]
[SourceDate "2025.01.08"]
[SourceVersion "1"]
[SourceVersionDate "2025.01.08"]
[SourceQuality "1"]

1. d4 Nf6 2. Nf3 e6 3. g3 b6 4. Bg2 Bb7 5. 0-0 Be7 6. c4 0-0 7. Re1 Qc8 8. Bg5 Re8 9. Nc3 Ne4 10. Nxe4 Bxe4 11. Bxe7 Rxe7 12. d5 d6 13. dxe6 fxe6 14. Bh3 Qe8 15. Ng5 Bb7 16. Qd3 g6 17. Qe3 e5 18. Ne4 Kg7 19. Bg2 Qf8 20. Nc3 Bxg2 21. Kxg2 Nc6 22. Qe4 Nd4 23. Rf1 Rae8 24. Nb5 d5 25. Qd3 dxc4 26. Qxc4 Qf5 27. Nxd4 Qe4+ 28. f3 Qxd4 29. Qc2 e4 30. f4 e3 31. Rfd1 Qf6 32. Rd5 c6 33. Rd3 Qe6 34. Qc3+ Kg8 35. Qb3 Qxb3 36. axb3 c5 37. Kf3 g5 38. Ra4 b5 39. Ra5 gxf4 40. gxf4 c4 41. Rc3 Rd8 42. Rxe3 Rb7 43. Re5 Rdb8 44. b4 Kf7 45. h4 Kg7 46. h5 Kf7 47. e3 Kg7 48. Rg5+ Kf8 49. Re5 Kg7 50. Ke4 Kf7 51. Rf5+ Kg7 52. Rg5+ Kf8 53. h6 Re8+ 54. Re5 Reb8 55. Kf5 Rf7+ 56. Kg5 Rfb7 57. f5 Kf7 58. Kf4 Kf6 59. Re6+ Kf7 60. Re5 Kf6 61. e4 Kf7 62. Rd5 Ke7 63. e5 Kf7 64. Ke4 Ke7 65. f6+ Ke6 66. Rd6+ Kf7 67. Kf5 a6 68. Rdxa6 c3 69. bxc3 Rf8 70. Ra8 Rxa8 71. e6+ 1-0

[Event "NATO-ch 34th"]
[Site "Rhodes"]
[Date "2024.10.25"]
[Round "7"]
[White "Pietruszewski, Marcin"]
[Black "Tetepoulidis, Ioannis"]
[Result "1-0"]
[WhiteElo "2174"]
[BlackElo "2100"]
[PlyCount "97"]
[EventDate "2024.10.21"]
[EventType "swiss"]
[EventRounds "7"]
[EventCountry "GRE"]
[SourceTitle "CB44_2024"]
[Source "Chessbase"]
[SourceDate "2024.10.30"]
[SourceVersion "1"]
[SourceVersionDate "2024.10.30"]
[SourceQuality "1"]

1. e4 d5 2. exd5 Qxd5 3. Nc3 Qa5 4. d4 Nf6 5. Nf3 Bf5 6. Bc4 e6 7. Bd2 Bb4 8. 0-0 Nc6 9. Bb5 0-0 10. Bxc6 bxc6 11. a3 Bxc3 12. Bxc3 Qd5 13. b3 c5 14. Qe2 Rfd8 15. Rfd1 Qe4 16. Qxe4 Bxe4 17. Ne1 Rd5 18. f3 Bg6 19. dxc5 Rxc5 20. Bd4 Rc6 21. Bxa7 Bxc2 22. Nxc2 Rxc2 23. Bf2 Nd5 24. a4 f6 25. Be1 Kf7 26. Rd2 Rxd2 27. Bxd2 Rb8 28. Ra3 Ra8 29. Kf1 Ke7 30. Ke2 Kd6 31. Kd3 g5 32. b4 c6 33. Kc4 Nb6+ 34. Kb3 Nd5 35. Ra1 h6 36. Rd1 Kc7 37. Rc1 Kd6 38. g3 f5 39. Be1 e5 40. Bf2 e4 41. fxe4 fxe4 42. Re1 Ke5 43. Bc5 Rb8 44. Kc4 e3 45. Bxe3 Rxb4+ 46. Kc5 Kf5 47. Ra1 Nxe3 48. Kxb4 Nc2+ 49. Kc3 1-0

[Event "NATO-ch 34th"]
[Site "Rhodes"]
[Date "2024.10.21"]
[Round "1"]
[White "Pietruszewski, Marcin"]
[Black "Sherpa, Ngadi"]
[Result "1-0"]
[WhiteElo "2174"]
[BlackElo "1882"]
[PlyCount "71"]
[EventDate "2024.10.21"]
[EventType "swiss"]
[EventRounds "7"]
[EventCountry "GRE"]
[SourceTitle "CB44_2024"]
[Source "Chessbase"]
[SourceDate "2024.10.30"]
[SourceVersion "1"]
[SourceVersionDate "2024.10.30"]
[SourceQuality "1"]

1. d4 c6 2. c4 d5 3. Nf3 Nf6 4. e3 Bg4 5. h3 Bxf3 6. Qxf3 Nbd7 7. Nc3 e6 8. Bd3 Bb4 9. 0-0 0-0 10. Rd1 h6 11. Bd2 Bd6 12. Rac1 Re8 13. e4 dxe4 14. Nxe4 Nxe4 15. Bxe4 Nf6 16. Bb1 Bb8 17. Bc3 Qc7 18. g3 Nh7 19. Qd3 Nf8 20. Bb4 f5 21. h4 Ng6 22. Re1 Qf7 23. h5 Nf8 24. d5 Qxh5 25. dxe6 Rxe6 26. Bxf8 Rxe1+ 27. Rxe1 Bxg3 28. Qxg3 Rxf8 29. Re7 g5 30. Bd3 Rd8 31. Be2 Qg6 32. Qe5 g4 33. c5 Kf8 34. Bc4 Rd5 35. Bxd5 cxd5 36. Rxb7 1-0

[Event "Polanica Zdroj op 60th"]
[Site "Polanica Zdroj"]
[Date "2024.08.25"]
[Round "9"]
[White "Pietruszewski, Marcin"]
[Black "Kotowicz, Kamil"]
[Result "1-0"]
[WhiteElo "2216"]
[BlackElo "1991"]
[PlyCount "119"]
[EventDate "2024.08.17"]
[EventType "swiss"]
[EventRounds "9"]
[EventCountry "POL"]
[SourceTitle "CBM 221 Extra"]
[Source "ChessBase"]
[SourceDate "2024.09.30"]
[SourceVersion "1"]
[SourceVersionDate "2024.09.30"]
[SourceQuality "1"]

1. c4 c5 2. g3 g6 3. Bg2 Bg7 4. Nc3 Nc6 5. Nf3 Nf6 6. d3 d6 7. 0-0 0-0 8. Rb1 Rb8 9. a3 a6 10. b4 cxb4 11. axb4 b5 12. cxb5 axb5 13. Be3 Ng4 14. Bd2 Nge5 15. Nxe5 Nxe5 16. Qc2 Bb7 17. Ne4 Qd7 18. Rfc1 Rfc8 19. Qb3 h6 20. Bc3 Ba8 21. Qb2 Qa7 22. Ra1 Qb6 23. h3 f5 24. Nd2 Bxg2 25. Kxg2 Kh7 26. Kg1 Rf8 27. Nb3 f4 28. Bd4 Qb7 29. Ra7 Qxa7 30. Bxa7 Nf3+ 31. exf3 Bxb2 32. Rc7 Rbe8 33. Kg2 Rf5 34. Na5 Rd5 35. Nc6 Bf6 36. d4 Kg8 37. g4 Kf7 38. Kf1 h5 39. Ke2 hxg4 40. hxg4 Kf8 41. Kd3 e5 42. g5 e4+ 43. fxe4 Rxg5 44. Rd7 Be7 45. d5 Rg2 46. Ke2 Rh2 47. Kf3 g5 48. Bb6 g4+ 49. Kxg4 Bh4 50. f3 Bg3 51. Bc7 Kg8 52. Bxd6 Rg2 53. Bc5 Be1+ 54. Kxf4 Bd2+ 55. Kf5 Bg5 56. f4 Bh4 57. e5 Re2 58. e6 Ra2 59. Ne5 Raa8 60. Nf7 1-0

[Event "Polanica Zdroj op 60th"]
[Site "Polanica Zdroj"]
[Date "2024.08.22"]
[Round "6"]
[White "Wodniczak, Arkadiusz"]
[Black "Pietruszewski, Marcin"]
[Result "0-1"]
[WhiteElo "1928"]
[BlackElo "2216"]
[PlyCount "78"]
[EventDate "2024.08.17"]
[EventType "swiss"]
[EventRounds "9"]
[EventCountry "POL"]
[SourceTitle "CBM 221 Extra"]
[Source "ChessBase"]
[SourceDate "2024.09.30"]
[SourceVersion "1"]
[SourceVersionDate "2024.09.30"]
[SourceQuality "1"]

1. e4 c5 2. Nf3 e6 3. d3 Nc6 4. g3 d5 5. Qe2 Nf6 6. Bg2 Be7 7. 0-0 0-0 8. a4 b6 9. b3 Bb7 10. e5 Nd7 11. Bb2 Qc7 12. Re1 Rae8 13. h4 f6 14. Bh3 Ncxe5 15. Nxe5 fxe5 16. Bxe6+ Kh8 17. Nc3 Qd6 18. Qg4 Nf6 19. Qh3 Bd8 20. Bf5 g6 21. Nb5 Qb8 22. Be6 d4 23. c3 Nd5 24. cxd4 exd4 25. h5 gxh5 26. Qxh5 Nf6 27. Qh6 a6 28. Na3 Qc7 29. Bf5 Qc6 30. Qh2 Qf3 31. Bh3 Qxd3 32. Nc4 Bc7 33. Rxe8 Rxe8 34. Bf1 Qxb3 35. Qh6 Qf3 36. Nd2 Qxf2+ 37. Kxf2 Ng4+ 38. Kg1 Nxh6 39. Nb3 a5 0-1

[Event "Suwalki Warakomska Memorial 8th"]
[Site "Suwalki"]
[Date "2024.07.24"]
[Round "8"]
[White "Krzyzanowski, Marcin"]
[Black "Pietruszewski, Marcin"]
[Result "1-0"]
[WhiteElo "2517"]
[BlackElo "2239"]
[PlyCount "51"]
[EventDate "2024.07.18"]
[EventType "swiss"]
[EventRounds "9"]
[EventCountry "POL"]
[SourceTitle "EXT 2025"]
[Source "ChessBase"]
[SourceDate "2024.10.14"]
[SourceVersion "1"]
[SourceVersionDate "2024.10.14"]
[SourceQuality "1"]

1. e4 c5 2. Nf3 e6 3. d4 cxd4 4. Nxd4 Nc6 5. Nc3 Qc7 6. Be3 a6 7. a3 b5 8. Nxc6 Qxc6 9. Be2 Bb7 10. 0-0 Rc8 11. Qd3 Nf6 12. Bf3 Qc7 13. Rfd1 h6 14. Rac1 e5 15. a4 b4 16. Nd5 Nxd5 17. exd5 Bd6 18. c4 bxc3 19. Rxc3 Qb8 20. Rb3 0-0 21. Qf5 Rc4 22. Be2 Rxa4 23. Bxh6 f6 24. Bxg7 Rf4 25. Qh5 Kxg7 26. Rg3+ 1-0

[Event "Suwalki Warakomska Memorial 8th"]
[Site "Suwalki"]
[Date "2024.07.23"]
[Round "7"]
[White "Pietruszewski, Marcin"]
[Black "Dalkowski, Rafal"]
[Result "1-0"]
[WhiteElo "2239"]
[BlackElo "2101"]
[PlyCount "81"]
[EventDate "2024.07.18"]
[EventType "swiss"]
[EventRounds "9"]
[EventCountry "POL"]
[SourceTitle "EXT 2025"]
[Source "ChessBase"]
[SourceDate "2024.10.14"]
[SourceVersion "1"]
[SourceVersionDate "2024.10.14"]
[SourceQuality "1"]

1. d4 g6 2. e4 c5 3. dxc5 Qa5+ 4. Nc3 Bg7 5. Bd2 Qxc5 6. Nd5 Na6 7. Nf3 e6 8. Bc3 Bxc3+ 9. Nxc3 Ne7 10. Qd2 d5 11. Bb5+ Nc6 12. exd5 exd5 13. Qxd5 Qe7+ 14. Qe5 Nab4 15. 0-0-0 0-0 16. Qxe7 Nxe7 17. Rhe1 Nbc6 18. Ne4 a6 19. Nf6+ Kg7 20. Bxc6 Nxc6 21. Nd7 Rg8 22. Rd6 Rd8 23. Red1 Re8 24. c4 a5 25. b3 h6 26. R1d2 Ra6 27. Kb2 Nb4 28. Rxa6 Nxa6 29. Nb6 Bg4 30. Nd4 Nc5 31. f3 Be6 32. Kc3 Bc8 33. Re2 Be6 34. Re5 Na6 35. Rxa5 Kf6 36. f4 h5 37. Re5 h4 38. a4 Rd8 39. a5 Nb4 40. Re2 Na6 41. b4 1-0